Normal view
MARC view
Entry Topical Term
001 - CONTROL NUMBER
- control field: 15492
003 - CONTROL NUMBER IDENTIFIER
- control field: OSt
005 - DATE AND TIME OF LATEST TRANSACTION
- control field: 20260410113256.0
008 - FIXED-LENGTH DATA ELEMENTS
- fixed length control field: 260410|| aca||aabn | a|a d
040 ## - CATALOGING SOURCE
- Original cataloging agency: OSt
- Transcribing agency: OSt
150 ## - HEADING--TOPICAL TERM
- Topical term or geographic name entry element: Animal health
670 ## - SOURCE DATA FOUND
- Source citation: Work cat.: (OSt)1030: Cataylo, Melito Barillo, Jr. 1990 author., Field practice at the Provincial Veterinary Office, Barangay Piapi, Dumaguete City, Negros Island Region, Philippines /
